000 00506nam a2200181Ia 4500
005 20250508150526.0
008 008 250505s9999 xx 000 0 eng d
037 _aTextual
040 _aFEDL
_beng
_cFEDL
041 _aeng
_2eng
084 _a507, KOO
_qFEDL
100 _aKoopman Margaret O
_9756930
245 0 _aUtilizing the local environment
260 _aNew York, USA
_bHinds, Hayden and Eldredge
_c1946
300 _a62p
942 _cTEXL
_h507, KOO
999 _c1324080
_d1324080